Retreat handbook: (Record no. 13642)

000 -LEADER
fixed length control field 00636nam a2200193 a 4500
001 - CONTROL NUMBER
control field :::00011465$&:&@@
003 - CONTROL NUMBER IDENTIFIER
control field OkBaRHE
005 - DATE AND TIME OF LATEST TRANSACTION
control field 20000607103408.0
008 - FIXED-LENGTH DATA ELEMENTS--GENERAL INFORMATION
fixed length control field s1976 j 000 0 eng u
040 ## - CATALOGING SOURCE
Transcribing agency
100 1# - MAIN ENTRY--PERSONAL NAME
Personal name Nelson, Virgil and Nelson, Lynn.
245 10 - TITLE STATEMENT
Title Retreat handbook:
Remainder of title a-way to meaning.
260 ## - PUBLICATION, DISTRIBUTION, ETC. (IMPRINT)
Place of publication, distribution, etc Valley Forge, PA., :
Name of publisher, distributor, etc Judson Press
Date of publication, distribution, etc c1976
300 ## - PHYSICAL DESCRIPTION
Extent 129 p. : illus. ;
Dimensions 28 cm.
650 ## - SUBJECT ADDED ENTRY--TOPICAL TERM
Topical term or geographic name as entry element Retreats
General subdivision Handbooks, Manuals, etc.
700 ## - ADDED ENTRY--PERSONAL NAME
Personal name Nelson, Lynn, joint author.
942 ## - ADDED ENTRY ELEMENTS (KOHA)
Source of classification or shelving scheme
Koha item type Books
Copies
Shelving location Date last seen Damaged status Lost status Barcode Price effective from Full call number Copy number Not for loan Koha item type Date acquired Permanent Location Source of classification or shelving scheme Withdrawn status
General Stacks2010-04-14  114652010-04-14BV 5068 .R4N441 Books2010-04-14RHEMA Bible Training College